000 00369nam a2200145Ia 4500
008 210210b1968 xxu||||| |||| 00| 0 eng d
082 _a630 MISD
100 _aMISRA (R P).
245 _aDiffusion of agricultural innovations.
260 _aMysore
_bPrasaranga
_c1968
300 _a208
650 _aAgricultural innovations
690 _aAgriculture
906 _a032787
999 _c83941
_d83941